00373nam a22001097a 4500082001000000100001900010245009700029260003500126300002700161650004300188700003200231 a307.1 aRizwan, Fauzia aSustainable Water Supply System for Islamabad – The Capital of Pakistan / cFauzia Rizwan. aIslamabad:bNIT - NUST,c2018. a113 p. : ill. ;c30cm. aUrban & Regional Planning - MS Theses. aSup Dr. Asghar Naeem Malik.